| 000 | 00577nam a22001817a 4500 | ||
|---|---|---|---|
| 005 | 20231128093313.0 | ||
| 008 | 231128b |||||||| |||| 00| 0 eng d | ||
| 020 | _a9780399563911 | ||
| 041 | _aEnglish | ||
| 082 | _a340.1 KOT | ||
| 100 |
_aKotter, J _lEnglish |
||
| 245 |
_aOur Iceberg is Melting : _bChanging ans Succeeding Under Any Conditions / _cJ Kotter |
||
| 250 | _aFirst Edition | ||
| 260 |
_aNew York : _bSt. Martin's Press, _c2005 |
||
| 300 |
_bxii, 147 pages ; _c22,5 cm. |
||
| 650 |
_aLegal practice _bLaw |
||
| 942 |
_cBK _6ALISON_BN_VRIES |
||
| 999 |
_c996 _d996 |
||